| 000 | 00806nam a2200253 a 4500 | ||
|---|---|---|---|
| 005 | 20160217162433.0 | ||
| 008 | 140319t1999 cr d fr|||| 00| 0 spa d | ||
| 020 | _a9977573328 | ||
| 040 |
_aCO-BoIAVH _cCO-BoIAVH |
||
| 041 | 0 | _aspa | |
| 044 | _acr | ||
| 082 | 0 | 4 |
_a634.99 _bP52s |
| 100 | 1 | _aPezo, Danilo | |
| 245 | 1 | 0 |
_aSistemas silvopastoriles / _cDanilo Pezo y Muhammad Ibrahim |
| 250 | _aSegunda edción | ||
| 260 |
_aTurrialba (Costa Rica) : _bCATIE, _c1999. |
||
| 300 |
_a276 páginas : _bcuadros, tablas ; _c27 x 21 cm. |
||
| 490 | 0 |
_aMódulos de enseñanza agroforestal ; _v2 |
|
| 650 | 6 | _aSistemas silvopascícolas | |
| 650 | 4 | _aSistemas silvopastorales | |
| 650 | 6 |
_aSistemas silvopascícolas _xusos |
|
| 700 | 1 | _aIbrahim, Muhammad | |
| 942 |
_cLIBRO _2ddc |
||
| 999 |
_c5231 _d5231 |
||